000 00343 a2200169 4500
001 191252
020 _a
040 _cMagnum
100 _aMiled, Cacá
240 1 0 _aTatá, a borboleta má
_lpor
245 1 0 _aTatá, a borboleta má
300 _a44
362 0 _a2014
440 1 _aJep
697 _aLITERATURA JUVENIL
942 _cBK
999 _c191252
_d191252